000 03038nam a2200457 i 4500
001 196272
003 ES-MaACL
005 20250825161049.0
008 240823s2021 sp a | |||| 000 0dspa
015 _aMON21
017 _aM 885-2021
_bOficina Depósito Legal Madrid
020 _a9788470756696
035 _a(SpMaBN)a6923204
035 _a991036111749708606
040 _aSpMaBN
_bspa
_cSpMaBN
_erda
_dES-MaACL
080 _a75 Goya, Francisco de (083.824)
080 _a75 Goya, Francisco de. Tirana (083.824)
080 _a929 Tirana, María del Rosario Fernández (0:75)(083.824)
245 0 0 _aGoya, La Tirana /
_ccon textos de María Zozaya Álvarez, Joaquín Álvarez Barrientos, Miguel Ángel Marín y un apéndice técnico
264 1 _aMadrid :
_bFundación Juan March,
_c2021.
300 _a107 páginas :
_bilustraciones (blanco y negro y color) ;
_c23 cm.
336 _aTexto
_aImagen fija
_2rdacontent
337 _asin mediación
_2rdamedia
338 _avolumen
_2rdacarrier
500 _aExposición: Fundación Juan March, Madrid, del 28 de mayo al 18 de julio de 2021
500 _aIncluye apéndice documental
504 _aBibliografía: páginas 103-107
520 _aLa sala pequeña de exposiciones de la Fundación presenta el retrato de Francisco de Goya (1746-1828) de la famosa actriz María del Rosario Fernández (1755-1803), apodada "La Tirana" y contemporánea del artista.Goya la retrató en 1794, un momento de la vida del pintor en el que la novedad de planteamientos estéticos y artísticos, junto con su habilidad para captar la esencia interior del personaje, le habían convertido en el retratista más cotizado entre la realeza, la aristocracia y la nueva burguesía ilustrada. Debió conocer a la actriz precisamente a través de dos destacados miembros de esos círculos, la duquesa de Alba y Leandro Fernández de Moratín.La Tirana, personaje representativo de los cambios y reformas experimentados en el teatro español durante esos años --tanto en el modo de actuar como en el comportamiento del público-- supo adaptar al gusto del momento las novedades del arte de la declamación, con una mezcla de maneras que la convirtió en una de las principales actrices de la escena madrileña en las últimas décadas del siglo.
600 1 0 _aGoya, Francisco de,
_d1746-1828-
_vExposiciones
_9240354
600 1 4 _aFernández, María del Rosario,
_d1755-1803
_9172517
655 7 _aCatálogos de exposiciones
_2tgfbne
_9193628
700 1 _aZozaya Álvarez, María
_9144199
_eaut
700 1 _aÁlvarez Barrientos, Joaquín
_eaut
_920704
700 _aMarín, Miguel Ángel,
_d1972-
_9238611
_eaut
710 2 _aFundación Juan March
_94346
852 _aES-MaACL
_bR.153120
_cDEPOJ
_jN-9326
_hDonación: Editorial
_xEncuadernación rústica con solapas
_9205397
914 _aFundación Juan March
_ednr
_94346
942 _cMONOGRAFIA
_n0
999 _c196272
_d196272